Studies of mineral cycling in a montane rain forest in New Guinea: II. The production and disappearance of litter (Registro nro. 9730)

Detalles MARC
000 -CABECERA
Campo de control 005050000a22001570004500
090 ## - CLASIFICACIÓN LOCAL
Colección AR
Consecutivo 00638
041 0# - IDIOMA
Código de idioma para texto/pista de sonido o título separado
100 1# - ASIENTO PRINCIPAL--NOMBRE PERSONAL
Nombre personal Edwards, P. J.
245 10 - MENCION DE TITULO
Título Studies of mineral cycling in a montane rain forest in New Guinea: II. The production and disappearance of litter
650 14 - ASIENTO SECUNDARIO DE MATERIA - TERMINO TEMATICO
Término temático o nombre geográfico como elemento de entrada Bosques tropicales
650 14 - ASIENTO SECUNDARIO DE MATERIA - TERMINO TEMATICO
Término temático o nombre geográfico como elemento de entrada Suelos
650 14 - ASIENTO SECUNDARIO DE MATERIA - TERMINO TEMATICO
Término temático o nombre geográfico como elemento de entrada Analisis del suelo
651 #4 - ASIENTO SECUNDARIO DE MATERIA - NOMBRE GEOGRAFICO
-- Nueva Guinea
773 1# - Item fuente:
Título Journal of Ecology
Especificación de materiales 249
Descripción física 65
Paginas del Articulo 971-992
Lugar, editorial y fecha de publicación 1977
Información sobre la relación 65
942 ## - ELEMENTOS ADICIONALES (KOHA)
Tipo de ítem Artículo
Existencias
Withdrawn status Lost status Damaged status No para préstamo Colección Ubicación Permanente Ubicación actual Fecha de adquisición Fuente de Valor Datos de publicación Seriada Total Checkouts Número topográfico Inventario / Código de Barras Date last seen Ejemplar Price effective from Forma de adquisición Tipo de material
      No para Préstamo Hemeroteca Bogotá Bogotá 27/02/2015 Instituto de Ciencias Naturales Fuera de circulación   AR 00638 010953 25/03/2015 1 25/03/2015   Artículo